[Event "Lovsprings 10th Jubilee"]
[Site "Ringsted"]
[Date "1998.04.17"]
[Round "4"]
[White "Hansen, Jorgen"]
[Black "Nielsen, Max"]
[Result "0-1"]
[WhiteElo "2079"]
[BlackElo "2132"]
[PlyCount "84"]
[EventDate "1998.03.13"]
[EventType "tourn"]
[EventRounds "7"]
[EventCountry "DEN"]
[SourceTitle "EXT 2018"]
[Source "ChessBase"]
[SourceDate "2017.10.13"]
[SourceVersion "1"]
[SourceVersionDate "2017.10.13"]
[SourceQuality "1"]

1. e4 c5 2. Nf3 Nc6 3. d4 cxd4 4. Nxd4 Nf6 5. Nc3 e5 6. Ndb5 d6 7. Bg5 a6 8. Na3 b5 9. Nd5 Be7 10. Bxf6 Bxf6 11. c3 0-0 12. Nc2 Bg5 13. a4 bxa4 14. Rxa4 a5 15. Bc4 Rb8 16. Ra2 Kh8 17. Qe2 g6 18. 0-0 Bh6 19. Nce3 Bg7 20. Qc2 f5 21. Qa4 Bd7 22. Bb5 Rxb5 23. Qxb5 f4 24. Nc4 f3 25. Nce3 fxg2 26. Nxg2 Nd4 27. Qxa5 Nf3+ 28. Kh1 Qg5 29. Nde3 Qh5 30. h4 Bh3 31. Rfa1 Bxg2+ 32. Kxg2 Qxh4 33. b4 Qg5+ 34. Kf1 Qh5 35. Qc7 Qh1+ 36. Ke2 Ng1+ 37. Rxg1 Qxg1 38. Kd3 Qb1+ 39. Rc2 Bf6 40. Qxd6 Rd8 41. Qxd8+ Bxd8 42. Nd5 h5 0-1

[Event "Lovsprings op 01st"]
[Site "Ringsted"]
[Date "1989.04.28"]
[Round "3"]
[White "Madsen, Hans Henrik"]
[Black "Hansen, Jorgen"]
[Result "0-1"]
[WhiteElo "1999"]
[BlackElo "2021"]
[PlyCount "94"]
[EventDate "1989.04.07"]
[EventType "swiss"]
[EventRounds "7"]
[EventCountry "DEN"]
[SourceTitle "EXT 2018"]
[Source "ChessBase"]
[SourceDate "2017.10.13"]
[SourceVersion "1"]
[SourceVersionDate "2017.10.13"]
[SourceQuality "1"]

1. d4 d5 2. c4 dxc4 3. Nc3 e5 4. dxe5 Qxd1+ 5. Kxd1 Be6 6. Nf3 Nc6 7. Bd2 Nge7 8. Ng5 Nxe5 9. Nxe6 fxe6 10. f4 Ng4 11. Ke1 Nf5 12. e4 Nfe3 13. h3 Nc2+ 14. Kd1 Nge3+ 15. Bxe3 Nxe3+ 16. Ke2 Bc5 17. Kf3 Nxf1 18. Rhxf1 Rd8 19. Rfd1 Ke7 20. e5 a6 21. Ne4 Bb4 22. g4 Rhf8 23. a3 Ba5 24. h4 b5 25. h5 h6 26. Ng3 Rd2 27. Rxd2 Bxd2 28. f5 c3 29. bxc3 Bxc3 30. Rc1 Bxe5 31. Re1 Kd6 32. Rd1+ Kc6 33. Re1 Bxg3 34. Kxg3 exf5 35. Re7 fxg4 36. Rxg7 Rf3+ 37. Kxg4 Rxa3 38. Rg6+ Kd5 39. Rxh6 Ra1 40. Rg6 b4 41. h6 Rg1+ 42. Kf5 Rh1 43. Rxa6 b3 44. Ra5+ Kc4 45. Ra7 c5 46. h7 b2 47. Rb7 Kc3 0-1

[Event "Lovsprings op 01st"]
[Site "Ringsted"]
[Date "1989.04.07"]
[Round "1"]
[White "Hansen, Jorgen"]
[Black "Christensen, Lars"]
[Result "0-1"]
[WhiteElo "2021"]
[BlackElo "1962"]
[PlyCount "66"]
[EventDate "1989.04.07"]
[EventType "swiss"]
[EventRounds "7"]
[EventCountry "DEN"]
[SourceTitle "EXT 2018"]
[Source "ChessBase"]
[SourceDate "2017.10.13"]
[SourceVersion "1"]
[SourceVersionDate "2017.10.13"]
[SourceQuality "1"]

1. e4 d6 2. d4 Nf6 3. Nc3 g6 4. Nf3 Bg7 5. Be2 0-0 6. Bg5 h6 7. Bf4 c6 8. Qd2 Kh7 9. h4 d5 10. Ng5+ Kg8 11. e5 hxg5 12. exf6 gxf4 13. fxg7 Kxg7 14. Qxf4 Qd6 15. Qxd6 exd6 16. Kd2 Be6 17. Bd3 Rh8 18. Ne2 c5 19. c3 Nc6 20. f3 Rh6 21. g3 Rah8 22. Rhe1 f6 23. f4 Bg4 24. Bb5 Re8 25. Ng1 Rhh8 26. Bxc6 bxc6 27. Rxe8 Rxe8 28. Re1 Re4 29. Rxe4 dxe4 30. dxc5 dxc5 31. Ne2 Bxe2 32. Kxe2 f5 33. c4 Kh6 0-1